Подробности
| 000 -МАРКЕР |
| контрольное поле |
02303nam0a2200373 4500 |
| 001 - ИДЕНТИФИКАТОР ЗАПИСИ |
| контрольное поле |
RU\NLR\bibl\974779 |
| 005 - ИДЕНТИФИКАТОР ВЕРСИИ |
| контрольное поле |
20260607050311.0 |
| 021 ## - НОМЕР ГОСУДАРСТВЕННОЙ РЕГИСТРАЦИИ |
| Код страны |
Российская Федерация |
| Номер |
2006-41466 |
| Номер Листа государственной регистраци |
2075 |
| 035 ## - ДРУГИЕ СИСТЕМНЫЕ НОМЕРА |
| Идентификатор записи |
(NLR Aleph) 000962707 |
| 100 ## - ДАННЫЕ ОБЩЕЙ ОБРАБОТКИ |
| Данные общей обработки |
20060814d2006 |||y0rusy50 ca |
| 101 0# - ЯЗЫК РЕСУРСА |
| Язык текста, звукозаписи и т.д. |
русский |
| Язык резюме |
английский |
| 102 ## - СТРАНА ПУБЛИКАЦИИ ИЛИ ПРОИЗВОДСТВА |
| Страна публикации |
Российская Федерация |
| 105 ## - ПОЛЕ КОДИРОВАННЫХ ДАННЫХ: ТЕКСТОВЫЕ МАТЕРИАЛЫ, МОНОГРАФИЧЕСКИЕ |
| Кодированные данные о монографическом текстовом документе |
a ||||||||| |
| 200 1# - ЗАГЛАВИЕ И СВЕДЕНИЯ ОБ ОТВЕТСТВЕННОСТИ |
| Основное заглавие |
Новая технология производства моторных топлив из угля и тяжелых нефтяных остатков с применением атомной энергии |
| Первые сведения об ответственности |
Зродников А.В., Поплавский В.М., Сидоров Г.И. [и др.] |
| 210 ## - ПУБЛИКАЦИЯ, РАСПРОСТРАНЕНИЕ И ДР. |
| Место издания, распространения и т.д. |
Обнинск |
| Имя издателя, распространителя и т. д. |
ГНЦ РФ - Физико-энергетический институт |
| Дата издания, распространения и т.д. |
2006 |
| 215 ## - ФИЗИЧЕСКАЯ ХАРАКТЕРИСТИКА |
| Специфическое обозначение материала и объем |
53,[1] с. |
| Другие сведения о физической характеристике |
ил. |
| Размеры |
21 |
| 225 1# - СЕРИЯ |
| Основное заглавие серии |
Препринт |
| Сведения об ответственности |
Федер. агентство по атомной энергии, Гос. науч. центр РФ - Физ.-энерг. ин-т им. А.И. Лейпунского |
| Обозначение тома |
ФЭИ-3073 |
| 300 ## - ОБЩИЕ ПРИМЕЧАНИЯ |
| Текст примечания |
Рез. на англ. яз. |
| 313 ## - ПРИМЕЧАНИЯ, ОТНОСЯЩИЕСЯ К ТЕМАТИЧЕСКОМУ ДОСТУПУ |
| Текст примечания |
исп. ядерного реактора с жидкометаллич. теплоносителем |
| 320 ## - ПРИМЕЧАНИЯ О НАЛИЧИИ В ДОКУМЕНТЕ БИБЛИОГРАФИИ / УКАЗАТЕЛЯ |
| Текст примечания |
Библиогр.: с. 51-54 (43 назв.) |
| 606 1# - НАИМЕНОВАНИЕ ТЕМЫ КАК ПРЕДМЕТ |
| Наименование темы |
Ядерные реакторы с жидкометаллическими теплоносителями |
| Тематический подзаголовок |
Применение в производстве топлива синтетического |
| Системный номер авторитетной/нормативной записи |
2440518 |
| Идентификатор авторитетной/нормативной записи |
RU\NLR\auth\661451921 |
| 606 1# - НАИМЕНОВАНИЕ ТЕМЫ КАК ПРЕДМЕТ |
| Наименование темы |
Моторное топливо |
| Тематический подзаголовок |
Производство из угля |
| Системный номер авторитетной/нормативной записи |
2440519 |
| Идентификатор авторитетной/нормативной записи |
RU\NLR\auth\661451922 |
| 606 1# - НАИМЕНОВАНИЕ ТЕМЫ КАК ПРЕДМЕТ |
| Наименование темы |
Моторное топливо |
| Тематический подзаголовок |
Производство из нефтяных остатков |
| Системный номер авторитетной/нормативной записи |
1643137 |
| Идентификатор авторитетной/нормативной записи |
RU\NLR\auth\66726817 |
| 686 ## - ИНДЕКСЫ ДРУГИХ КЛАССИФИКАЦИЙ |
| Индекс |
Л55 |
| 701 #1 - ИМЯ ЛИЦА - АЛЬТЕРНАТИВНАЯ ОТВЕТСТВЕННОСТЬ |
| Код отношения |
Автор |
| Графика поля |
Кириллица |
| Материалы, к которым относится поле |
rus |
| Начальный элемент ввода |
Зродников |
| Часть имени, кроме начального элемента ввода |
А. В. |
| Даты |
1944- |
| Расширение инициалов личного имени |
Анатолий Васильевич |
| Системный номер авторитетной/нормативной записи |
9454 |
| Идентификатор авторитетной/нормативной записи |
RU\NLR\auth\7726413 |
| 701 #1 - ИМЯ ЛИЦА - АЛЬТЕРНАТИВНАЯ ОТВЕТСТВЕННОСТЬ |
| Начальный элемент ввода |
Поплавский |
| Часть имени, кроме начального элемента ввода |
В. М. |
| Расширение инициалов личного имени |
Владимир Михайлович |
| Код отношения |
Автор |
| 701 #1 - ИМЯ ЛИЦА - АЛЬТЕРНАТИВНАЯ ОТВЕТСТВЕННОСТЬ |
| Код отношения |
Автор |
| Графика поля |
Кириллица |
| Материалы, к которым относится поле |
rus |
| Начальный элемент ввода |
Сидоров |
| Часть имени, кроме начального элемента ввода |
Г. И. |
| Дополнения к именам, кроме дат |
инженер, углехимия |
| Расширение инициалов личного имени |
Геннадий Иванович |
| Системный номер авторитетной/нормативной записи |
7130 |
| Идентификатор авторитетной/нормативной записи |
RU\NLR\auth\7724078 |
| 801 #0 - ИСТОЧНИК ЗАПИСИ |
| Страна |
Российская Федерация |
| Организация |
NLR |
| Дата составления |
20060814 |
| Правила каталогизации |
rcr |
| 801 #1 - ИСТОЧНИК ЗАПИСИ |
| Страна |
Российская Федерация |
| Организация |
NLR |
| Дата составления |
20060814 |
| 830 ## - ОБЩЕЕ ПРИМЕЧАНИЕ, СОСТАВЛЕННОЕ КАТАЛОГИЗАТОРОМ |
| Текст примечания |
2-й авт. по ГАК |
| 942 ## - ДОПОЛНИТЕЛЬНЫЕ ЭЛЕМЕНТЫ ЗАПИСИ (АБИС) |
| Тип экземпляра АБИС |
Книга |
| 980 ## - КОЛЛЕКЦИЯ |
| Название коллекции |
Национальная библиография |